| 000 | 01472nam0a2200325 4500 | ||
|---|---|---|---|
| 001 | RU\NLR\bibl\105117 | ||
| 005 | 20250617085234.0 | ||
| 021 |
_aRU _b2000-15055 _9731 |
||
| 035 | _a(NLR Aleph) 000102851 | ||
| 090 |
_a581368 _c581368 |
||
| 100 | _a20000824d2000 |||y0rusy50 ca | ||
| 101 | 0 | _arus | |
| 102 | _aRU | ||
| 105 | _aa ||||||||| | ||
| 200 | 1 |
_aРазвитие теории и практики специализации и кооперации общественного производства на современном этапе _fА.Н. Головина |
|
| 210 |
_aЕкатеринбург _cИн-т экономики _d2000 |
||
| 215 |
_a93 с. _cил. _d20 |
||
| 225 | 1 |
_aНаучные доклады _eПрепр. _fРос. акад. наук. Ур. отд-ние, Ин-т экономики |
|
| 320 | _aБиблиогр. в конце разд. и в подстроч. прим. | ||
| 606 | 0 |
_aМашиностроительная промышленность _xСпециализация и кооперирование _91424538 _3RU\NLR\auth\66601487 |
|
| 606 | 0 |
_aОбщественное производство _91726480 _3RU\NLR\auth\66771069 |
|
| 686 | _aУ30(2)-432 | ||
| 700 | 1 |
_aГоловина _bА. Н. _gАлла Николаевна _4070 |
|
| 801 | 0 |
_aRU _bNLR _c20000824 _gPSBO |
|
| 801 | 1 |
_aRU _bNLR _c20000824 |
|
| 830 | _aАвт. по кн. | ||
| 852 |
_aNLR _j2000-4/4185 |
||
| 942 | _cBOOK | ||
| 980 | _aNB | ||